• 首页
  • 本馆介绍
  • 公告通知
  • 最新文献
  • 馆藏检索
  • 电子资源
  • 读者导购
  • 参考咨询
  • 我的图书馆
  • 登录
  • 详细信息显示
  • 放入我的书架
  • 预约/预借图书
  • 作者相关作品
  • 分类相关作品
  • 丛书相关作品
  • 出版社相关作品

书目信息

  • 表格格式
  • 工作单格式
  • 卡片格式
题名:
中国古代史学观念史
    
 
作者: 雷家骥 著
分册:  
出版信息: 北京   北京师范大学出版社  2017
页数: 626页
开本: 23cm
丛书名: 中华学人丛书
单 册:
中图分类: K092.2
科图分类:
主题词: 史学史--研究--中国--古代
电子资源:
ISBN: 978-7-303-19975-4
000 00959oam2 2200277 450
001 012001003274
005 20140926114740.0
010    @a978-7-303-19975-4@dCNY108.00
012 39 @dK092.2@e@f5
012    @39
100    @a20180513d2017 em y0chiy50 ea
101 0  @achi
102    @aCN@b110000
105    @ay z 000yy
106    @ar
200 1  @a中国古代史学观念史@9zhong guo gu dai shi xue guan nian shi@f雷家骥著
210    @a北京@c北京师范大学出版社@d2017
215    @a626页@d23cm
225 1  @a中华学人丛书
330    @a本书是中国古代史学史研究的权威著作,本书对中国古代史学观念的产生发展做了详细论述,对史学观念的演变进行了深入分析。全书立论专精深刻,擅分析,精于掌握史家及其作品的深层内涵,故能读前人所读之书,发前人所未发之论。
461  0 @12001 @a中华学人丛书
606 0  @a史学史@x研究@y中国@z古代
690    @aK092.2@v5
701  0 @a雷家骥@9lei jia ji@4著
801  0 @aCN@b上海新华@c20180901
905    @b1@dK092.2@e87
    
    中国古代史学观念史/雷家骥著.-北京:北京师范大学出版社,2017
    626页;23cm.-(中华学人丛书)
    
    
    ISBN 978-7-303-19975-4:CNY108.00
    本书是中国古代史学史研究的权威著作,本书对中国古代史学观念的产生发展做了详细论述,对史学观念的演变进行了深入分析。全书立论专精深刻,擅分析,精于掌握史家及其作品的深层内涵,故能读前人所读之书,发前人所未发之论。
●
相关链接 在E读中查询图书 在五车中查询图书 在当当中查询图书 在豆瓣中查询图书


正题名:中国古代史学观念史     索取号:K092.2/87         预约/预借

序号 登录号 条形码 馆藏地/架位号 状态 备注
1 1162502   211625026   第二样本阅览室/ [索取号:K092.2/87] 在馆    
2 1162503   211625035   密集书库-史法系/ [索取号:K092.2/87] 在馆    
3 1162504   211625044   第二借阅区/ [索取号:K092.2/87] 在馆    
4 1162505   211625050   第二借阅区/ [索取号:K092.2/87] 在馆    
唐山师范学院图书馆 欢迎您!
大连网信软件有限公司© 版权所有